Baní : (Registro nro. 13543)

Detalles MARC
000 -LEADER
fixed length control field 02155nam a2200241 a 4500
001 - CONTROL NUMBER
control field 000021809
003 - CONTROL NUMBER IDENTIFIER
control field DO-SdBNP
005 - DATE AND TIME OF LATEST TRANSACTION
control field 20250909112126.0
008 - FIXED-LENGTH DATA ELEMENTS--GENERAL INFORMATION
fixed length control field 100913s1994 dr ab r 000 0 spa d
040 ## - CATALOGING SOURCE
Original cataloging agency BPMSU
Language of cataloging spa
Transcribing agency BPMSU
082 ## - DEWEY DECIMAL CLASSIFICATION NUMBER
Classification number 972.9373
Item number B142B
Edition number 22
100 1# - MAIN ENTRY--PERSONAL NAME
Personal name Báez Díaz, Tomás,
Dates associated with a name 1909-2006
245 10 - TITLE STATEMENT
Title Baní :
Remainder of title su contribución a la Independencia Nacional /
Statement of responsibility, etc. Tomás Báez Díaz.
260 ## - PUBLICATION, DISTRIBUTION, ETC. (IMPRINT)
Place of publication, distribution, etc. Santo Domingo :
Name of publisher, distributor, etc. Editora de Colores,
Date of publication, distribution, etc. 1994.
300 ## - PHYSICAL DESCRIPTION
Extent 96 p. :
Other physical details il., map. ;
Dimensions 21 cm.
504 ## - BIBLIOGRAPHY, ETC. NOTE
Bibliography, etc Bibliografía : p. 95-96
505 ## - FORMATTED CONTENTS NOTE
Formatted contents note Introducción -- Relación de banilejos que participaron en diferentes batallas de las guerras dominico-haitiana -- Primeras contribuciones de Baní a favor de la Independencia Nacional -- Misión del patriota Rosendo Herrera -- Firmas de patriotas banilejos en el acta de separación dominicana -- Construcción de lanzas para la guerra dominico-haitiana -- Un documento revelador vida política de Jacinto de Castro -- Reacción del gobierno de Haití al conocer la proclamación de la Independencia de la República Dominicana. Salida de tropas desde Baní --Batalla del 19 de Marzo, 1844 -- Acciones del Memis, El Perico y El Pinal -- Extraña carta del ex-presidente Charles Herard Aine -- Guerra ofensiva del General Antonio Duvergé -- Segunda invasión haitiana, 1845 --Ataque a Cachiman precursor de una gran ofensiva-- Batalla de la Estrelleta -- Tercera invasión haitiana, 1859 -- Combate del El Número. Presencia banileja -- Batalla de las Carreras, presencia banileja -- Cuarta invasión haitiana -- Batalla de Santomé -- Estrategias del General Santana -- Escenario de la batalla -- Primera fase de la batalla -- Segunda fase de la batalla -- Análisis y consideraciones sobre aspectos nebulosos de la batalla de Santomé -- Santana investiga la orden de retirada impartida por el General Bernardino Pérez -- Batalla de Cambronal -- Epílogo -- Notas -- Bibliografías.
590 ## - LOCAL NOTE (RLIN)
Local note Inventariado, 2021/VM
650 #4 - SUBJECT ADDED ENTRY--TOPICAL TERM
Topical term or geographic name as entry element Ciudades y pueblos
Geographic subdivision República Dominicana
651 #4 - SUBJECT ADDED ENTRY--GEOGRAPHIC NAME
Geographic name Baní (República Dominicana)
General subdivision Historia Local
910 ## - USER-OPTION DATA (OCLC)
User-option data VMateo
942 ## - ADDED ENTRY ELEMENTS (KOHA)
Source of classification or shelving scheme Dewey Decimal Classification
Koha item type Libros
Existencias
Withdrawn status Lost status Source of classification or shelving scheme Damaged status Not for loan Collection code Home library Current library Date acquired Source of acquisition Full call number Barcode Date last seen Price effective from Koha item type Total Checkouts Copy number
    Dewey Decimal Classification     Colección Dominicana Biblioteca Pública Metropolitana Salomé Ureña Biblioteca Pública Metropolitana Salomé Ureña 05/27/2021 Manuel ortiz BPMSU CD 972.9373 B142B 1994 BPMSU21050180 05/27/2021 05/27/2021 Libros    
    Dewey Decimal Classification     Colección Dominicana Biblioteca Pública Metropolitana Salomé Ureña Biblioteca Pública Metropolitana Salomé Ureña 05/27/2021 Manuel ortíz BPMSU CD 972.9373 B142B 1994 BPMSU25090030 09/09/2025 05/27/2021 Libros   e.2